000 00359nam a22001217a 4500
999 _c516091
_d516091
082 _aTNC K12x54 Sh23
100 _aSharma, Arvind K.
_922455
245 _aBureaucracy and decentralisation
_cArvind K. Sharma
260 _aNew Delhi
_bMittal
_c2004
300 _a134p.
650 _aDecentralization in government - India
_924688
650 _aBureaucracy
_924689